000 01183njm a2200265 i 4500
001 5006
003 ES-MaACL
005 20250801034654.0
007 s|r|||||||||||
008 070907s1983 sp ||| g ||||||||1|nspa d
245 0 0 _aPresentación de la colección "Cuadernos Americanos"
_h[Grabación sonora] /
_cintervienen José Gerardo Manrique de Lara, Manuel S. Garrido, Teresa Waisman y Hugo Gutiérrez Vega.
260 _aMadrid :
_bAteneo de Madrid,
_c1983.
300 _a1 disco (CD-DA) (45 min. 5 seg.) ;
_c12 cm.
500 _aDatos basados en la invitación.
518 _aActo organizado por la Sección de Literatura del Ateneo de Madrid, grabado en el salón de actos el domingo, 19 de junio de 1983, a las 12:00 h.
610 2 4 _aAteneo de Madrid-
_xActos culturales-
_y1983-
_vGrabaciones sonoras.
_91897
700 1 _aManrique de Lara, José Gerardo,
_d1922-2001
_976104
700 1 _aGarrido, Manuel S.
_955681
700 1 _aWaisman, Teresa.
_9115876
700 1 _aGutiérrez Vega, Hugo.
_961235
710 2 _aAteneo de Madrid.
_bSección de Literatura.
_91997
852 _aES-MaACL
_jROT 5/6/36
_95123
_cROT
942 _2udc
999 _c5006
_d5006